<?xml version="1.0" encoding="UTF-8"?>
<record
    xmlns:xsi="http://www.w3.org/2001/XMLSchema-instance"
    xsi:schemaLocation="http://www.loc.gov/MARC21/slim http://www.loc.gov/standards/marcxml/schema/MARC21slim.xsd"
    xmlns="http://www.loc.gov/MARC21/slim">

  <leader>00932nam a22002057a 4500</leader>
  <controlfield tag="001">6807</controlfield>
  <controlfield tag="003">FISKH</controlfield>
  <controlfield tag="005">20251117112158.0</controlfield>
  <controlfield tag="008">250529b        cb ||||| |||| 00| 0 eng d</controlfield>
  <datafield tag="040" ind1=" " ind2=" ">
    <subfield code="a">FISKH</subfield>
    <subfield code="b">eng</subfield>
    <subfield code="c">FISKH</subfield>
    <subfield code="d">FISKH</subfield>
  </datafield>
  <datafield tag="050" ind1=" " ind2=" ">
    <subfield code="a">UG447 .H255</subfield>
  </datafield>
  <datafield tag="082" ind1=" " ind2=" ">
    <subfield code="a">358.34</subfield>
  </datafield>
  <datafield tag="100" ind1=" " ind2=" ">
    <subfield code="a">Pa-O Youth Organization</subfield>
  </datafield>
  <datafield tag="245" ind1=" " ind2=" ">
    <subfield code="a">Poison clouds :</subfield>
    <subfield code="b">Lessons from Burma's largest coal project at Tigyit /</subfield>
    <subfield code="c">By the Pa-O Youth Organization and the Kyoju Action Network</subfield>
  </datafield>
  <datafield tag="260" ind1=" " ind2=" ">
    <subfield code="a">Shan States :</subfield>
    <subfield code="b">The Pa-O Youth Organization ,</subfield>
    <subfield code="c">2011.</subfield>
  </datafield>
  <datafield tag="300" ind1=" " ind2=" ">
    <subfield code="a">50 pages :</subfield>
    <subfield code="b">color illustrations, maps ;</subfield>
    <subfield code="c">25 cm . </subfield>
  </datafield>
  <datafield tag="520" ind1=" " ind2=" ">
    <subfield code="a">This report investigates the severe environmental, health, and social impacts of the Tigyit coal mine and power plant, Myanmar's largest coal project. Operated since 2004, the Tigyit project has caused widespread pollution and displacement in the Pa-O region of southern Shan State.</subfield>
  </datafield>
  <datafield tag="942" ind1=" " ind2=" ">
    <subfield code="2">ddc</subfield>
    <subfield code="c">BK</subfield>
    <subfield code="n">0</subfield>
  </datafield>
  <datafield tag="999" ind1=" " ind2=" ">
    <subfield code="c">6807</subfield>
    <subfield code="d">6807</subfield>
  </datafield>
  <datafield tag="952" ind1=" " ind2=" ">
    <subfield code="0">0</subfield>
    <subfield code="1">0</subfield>
    <subfield code="2">ddc</subfield>
    <subfield code="4">0</subfield>
    <subfield code="7">0</subfield>
    <subfield code="8">NFIC</subfield>
    <subfield code="a">002</subfield>
    <subfield code="b">002</subfield>
    <subfield code="c">SNS</subfield>
    <subfield code="d">2025-05-29</subfield>
    <subfield code="l">0</subfield>
    <subfield code="o">PYO 358.34 358.34</subfield>
    <subfield code="p">2025-1431</subfield>
    <subfield code="r">2025-05-29 09:06:00</subfield>
    <subfield code="w">2025-05-29</subfield>
    <subfield code="y">BK</subfield>
  </datafield>
</record>
